Les adversaires préférés de Cristiano Ronaldo en Ligue des Champions - Statistiques

Statistiques générales
  • Ce quiz a été pris 43 fois
  • Le résultat moyen est 7 sur 9
Statistiques - réponses
Nombre de buts Championnat Clubs % Correct
10 buts Serie A Juventus FC
100%
9 buts Eredivisie Ajax Amsterdam
98%
7 buts LaLiga Atlético Madrid
98%
9 buts Bundesliga Bayern Munich
98%
7 buts Bundesliga Borussia Dortmund
98%
6 buts Süper Lig Galatasaray SK
81%
6 buts Cyprus League APOEL Nicosie
69%
6 buts Allsvenskan Malmo FF
52%
7 buts Bundesliga FC Schalke 04
48%
Aucun quiz correspondant
Distribution des résultats
% des personnes avec chaque résultat
Percentile par nombre de réponses
Votre historique - résultats
Vous n’avez pas pris ce quiz